000
00323nam a22001337a 4500
008
170414b xxu||||| |||| 00| 0 eng d
020
_a
2900781746747
041
_a
eng
080
_a
612.39
100
_a
10
101
_a
SHM
245
_a
APPLICATIONS AND CASE STUDIES IN CLINICAL NUTRITION
_c
GIROUX, I
942
_2
udc
_c
BK
999
_c
10757
_d
10757